El fortalecimiento del Consejo de la Judicatura de Venezuela (Registro nro. 319666)
[ vista simple ]
| 000 -ENCABEZADO | |
|---|---|
| Número de control [NR] | 00525nam a22001337a 4500 |
| 005 - FECHA Y HORA DE LA ÚLTIMA TRANSACCIÓN | |
| control field | 20210911205237.0 |
| 008 - DE LONGITUD FIJA DE DATOS DE ELEMENTOS - INFORMACIÓN GENERAL | |
| Elementos de longitud fija [NR] | 210910b ||||| |||| 00| 0 eng d |
| 082 ## - NUMERO DE CLASIFICACION DECIMAL DEWEY [R] | |
| Número de clasificación [R] | 342.87 |
| 100 ## - ASIENTO PRINCIPAL--NOMBRE PERSONAL [NR] | |
| Nombre personal [NR] | Consejo de la Judicatura |
| ID Autoridad | 105810 |
| 245 ## - MENCION DE TITULO [NR] | |
| Título [NR] | El fortalecimiento del Consejo de la Judicatura de Venezuela |
| Mención de responsabilidad, etc. [NR] | Consejo de la Judicatura |
| 260 ## - PUBLICACION, DISTRIBUCION, ETC. (PIE DE IMPRENTA) [R] | |
| Lugar de publicación, distribución, etc. [R] | Venezuela |
| Nombre del editor, distribuidor, etc. [R] | Gerencia del Componente A |
| Fecha de publicación, distribución, etc. [R] | [fecha no identificada] |
| 650 ## - ASIENTO SECUNDARIO DE MATERIA - TERMINO TEMATICO [R] | |
| Término temático o nombre geográfico como elemento de entrada [NR] | Administración de justicia |
| Subdivisión geográfica [R] | Venezuela |
| 9 (RLIN) | 50089 |
| 942 ## - ELEMENTOS DE ENTRADA AGREGADOS (KOHA) | |
| Sistema de clasificación | DEWEY |
| Tema principal | Derecho |
| Tipo de ítem principal el descrito en 300a | Libro |
| Edición | 1 |
| Clasificación | 342.87 |
| Parte restante de la signatura top. | V458f |
| 999 ## - | |
| -- | 319666 |
| -- | 319666 |
| Signatura topográfica | Código de barras | Última vez visto | Ejemplar | Costo de reposición | Price effective from | Tipo de ítem | Perdido | Sistema de clasificación | Dañado | No prestable | Tipo de ítem específico | Suprimido | Ubicación habitual | Ubicación actual | Localización | Fecha de creación | Forma de adquisición | Costo |
|---|---|---|---|---|---|---|---|---|---|---|---|---|---|---|---|---|---|---|
| 342.87 V458f | 100168035 | 05/12/2025 | Ej.1 | 26000.00 | 10/09/2021 | Libro | DEWEY | Libro | Claustro | Claustro | 3er piso | 10/09/2021 | Donación | 0.00 |